Państwa które mają street view - Statystyki

Ogólne statystyki
  • Ten quiz został rozwiązany 18 razy
  • Średni wynik to 6 z 12
Answers on the Grid
Answers color-coded by a green-red scale on the quiz's grid according to % correct below.
Zimbabwe
Włochy
Gwatemala
Wenezuela
Macau
Hong Kong
Surinam
Albania
Kosowo
Korea Połudnowa
Korea Północna
Bosnia i Hercegowina
Serbia
Vanuatu
Stany Zjednoczone
Liban
Libia
Ghana
Dzibuti
Filipiny
 
Statystyki odpowiedzi
Odpowiedź % Poprawnych
Włochy
88%
Stany Zjednoczone
81%
Albania
69%
Korea Połudnowa
69%
Filipiny
50%
Bosnia i Hercegowina
50%
Serbia
50%
Hong Kong
38%
Gwatemala
31%
Ghana
25%
Liban
13%
Macau
6%
Nie znaleziono quizów pasujących do podanych kryteriów
Rozkład punktacji
Procent ludzi z każdym wynikiem
Percentyl według liczby udzielonych odpowiedzi
Twoja historia wyników
Nie rozwiązałeś tego quizu